<?xml version="1.0" encoding="UTF-8"?>
<record
    xmlns:xsi="http://www.w3.org/2001/XMLSchema-instance"
    xsi:schemaLocation="http://www.loc.gov/MARC21/slim http://www.loc.gov/standards/marcxml/schema/MARC21slim.xsd"
    xmlns="http://www.loc.gov/MARC21/slim">

  <leader>01333cam a2200253 a 4500</leader>
  <controlfield tag="003"> EG-GiCUC</controlfield>
  <controlfield tag="008">100422s1992    ku     g      001 0 ara d</controlfield>
  <datafield tag="040" ind1=" " ind2=" ">
    <subfield code="a">EG-GiCUC</subfield>
    <subfield code="b">ara</subfield>
    <subfield code="c">EG-GiCUC</subfield>
  </datafield>
  <datafield tag="092" ind1="0" ind2="4">
    <subfield code="a">811.9</subfield>
    <subfield code="b">M394</subfield>
    <subfield code="2">21</subfield>
  </datafield>
  <datafield tag="099" ind1=" " ind2=" ">
    <subfield code="a">04</subfield>
    <subfield code="a">811.9 M394</subfield>
  </datafield>
  <datafield tag="245" ind1="0" ind2="0">
    <subfield code="a">&#x645;&#x635;&#x627;&#x62F;&#x631; &#x62F;&#x631;&#x627;&#x633;&#x629; &#x645;&#x62D;&#x645;&#x648;&#x62F; &#x633;&#x627;&#x645;&#x649; &#x627;&#x644;&#x628;&#x627;&#x631;&#x648;&#x62F;&#x649; 1839-1904/ </subfield>
    <subfield code="c">&#x627;&#x639;&#x62F;&#x627;&#x62F; &#x645;&#x62C;&#x645;&#x648;&#x639;&#x629; &#x645;&#x646; &#x627;&#x644;&#x628;&#x627;&#x62D;&#x62B;&#x64A;&#x646;  &#x61B; &#x628;&#x623;&#x634;&#x631;&#x627;&#x641; &#x645;&#x62D;&#x645;&#x62F; &#x645;&#x635;&#x637;&#x641;&#x649; &#x647;&#x62F;&#x627;&#x631;&#x629;  </subfield>
  </datafield>
  <datafield tag="260" ind1=" " ind2=" ">
    <subfield code="a">&#x627;&#x644;&#x643;&#x648;&#x64A;&#x62A; : </subfield>
    <subfield code="b">&#x645;&#x624;&#x633;&#x633;&#x629; &#x62C;&#x627;&#x626;&#x632;&#x629; &#x639;&#x628;&#x62F;&#x627;&#x644;&#x639;&#x632;&#x64A;&#x632; &#x633;&#x639;&#x648;&#x62F; &#x627;&#x644;&#x628;&#x627;&#x628;&#x637;&#x64A;&#x646; &#x644;&#x644;&#x627;&#x628;&#x62F;&#x627;&#x639; &#x627;&#x644;&#x634;&#x639;&#x631;&#x649; : </subfield>
    <subfield code="c">1992</subfield>
  </datafield>
  <datafield tag="300" ind1=" " ind2=" ">
    <subfield code="a">190 &#x635; &#x61B; </subfield>
    <subfield code="c">24&#x633;&#x645;</subfield>
  </datafield>
  <datafield tag="500" ind1=" " ind2=" ">
    <subfield code="a">&#x64A;&#x635;&#x62F;&#x631; &#x628;&#x645;&#x646;&#x627;&#x633;&#x628;&#x629; &#x62A;&#x648;&#x632;&#x64A;&#x639; &#x62C;&#x648;&#x627;&#x626;&#x632; &#x645;&#x624;&#x633;&#x633;&#x629; &#x62C;&#x627;&#x626;&#x632;&#x629; &#x639;&#x628;&#x62F; &#x627;&#x644;&#x639;&#x632;&#x64A;&#x632; &#x633;&#x639;&#x648;&#x62F; &#x627;&#x644;&#x628;&#x627;&#x628;&#x637;&#x64A;&#x646; &#x644;&#x644;&#x627;&#x628;&#x62F;&#x627;&#x639; &#x627;&#x644;&#x634;&#x639;&#x631;&#x649; &#x641;&#x649; &#x62F;&#x648;&#x631;&#x62A;&#x647;&#x627; &#x627;&#x644;&#x62B;&#x627;&#x644;&#x62B;&#x629;</subfield>
  </datafield>
  <datafield tag="504" ind1=" " ind2=" ">
    <subfield code="a">&#x64A;&#x634;&#x62A;&#x645;&#x644; &#x639;&#x644;&#x649; &#x627;&#x631;&#x62C;&#x627;&#x639;&#x627;&#x62A; &#x628;&#x628;&#x644;&#x64A;&#x648;&#x62C;&#x631;&#x627;&#x641;&#x64A;&#x629; &#x648;&#x643;&#x634;&#x627;&#x641;&#x627;&#x62A;</subfield>
  </datafield>
  <datafield tag="600" ind1="1" ind2="0">
    <subfield code="a">&#x627;&#x644;&#x628;&#x627;&#x631;&#x648;&#x62F;&#x649; : &#x645;&#x62D;&#x645;&#x648;&#x62F; &#x633;&#x627;&#x645;&#x649; : </subfield>
    <subfield code="d">1839-1904</subfield>
    <subfield code="v">&#x628;&#x628;&#x644;&#x64A;&#x648;&#x62C;&#x631;&#x627;&#x641;&#x64A;&#x627;&#x62A;</subfield>
  </datafield>
  <datafield tag="650" ind1=" " ind2="7">
    <subfield code="a">&#x627;&#x644;&#x634;&#x639;&#x631; &#x627;&#x644;&#x639;&#x631;&#x628;&#x649;</subfield>
    <subfield code="v">&#x628;&#x628;&#x644;&#x64A;&#x648;&#x62C;&#x631;&#x627;&#x641;&#x64A;&#x627;&#x62A;</subfield>
    <subfield code="2">qrmak</subfield>
  </datafield>
  <datafield tag="700" ind1="1" ind2=" ">
    <subfield code="a">&#x647;&#x62F;&#x627;&#x631;&#x629; : &#x645;&#x62D;&#x645;&#x62F; &#x645;&#x635;&#x637;&#x641;&#x649;</subfield>
  </datafield>
  <datafield tag="902" ind1=" " ind2=" ">
    <subfield code="a">2</subfield>
  </datafield>
  <datafield tag="905" ind1=" " ind2=" ">
    <subfield code="a">&#x627;&#x628;&#x631;&#x627;&#x647;&#x64A;&#x645;</subfield>
    <subfield code="e">&#x645;&#x631;&#x627;&#x62C;&#x639;</subfield>
  </datafield>
  <datafield tag="905" ind1=" " ind2=" ">
    <subfield code="a">&#x645;&#x646;&#x649;</subfield>
    <subfield code="e">&#x645;&#x62F;&#x62E;&#x644;</subfield>
  </datafield>
  <datafield tag="942" ind1=" " ind2=" ">
    <subfield code="2">ddc</subfield>
    <subfield code="c">BK</subfield>
  </datafield>
  <datafield tag="999" ind1=" " ind2=" ">
    <subfield code="c">119298</subfield>
    <subfield code="d">119298</subfield>
  </datafield>
  <datafield tag="952" ind1=" " ind2=" ">
    <subfield code="2">ddc</subfield>
    <subfield code="7">0</subfield>
    <subfield code="a">CUCL</subfield>
    <subfield code="b">cl222</subfield>
    <subfield code="d">2024-02-11</subfield>
    <subfield code="o">811.9 M394</subfield>
    <subfield code="p">01000100123027000</subfield>
    <subfield code="r">2023-09-23 00:00:00</subfield>
    <subfield code="t">C.1</subfield>
    <subfield code="y">BK</subfield>
  </datafield>
  <datafield tag="952" ind1=" " ind2=" ">
    <subfield code="2">ddc</subfield>
    <subfield code="7">0</subfield>
    <subfield code="a">CUCL</subfield>
    <subfield code="b">cl222</subfield>
    <subfield code="d">2024-02-11</subfield>
    <subfield code="o">811.9 M394</subfield>
    <subfield code="p">01000100145882000</subfield>
    <subfield code="r">2023-09-23 00:00:00</subfield>
    <subfield code="t">C.2</subfield>
    <subfield code="y">BK</subfield>
  </datafield>
</record>
